Subspecies of Rhinos - Statistics

General Stats
  • This quiz has been taken 6 times
  • The average score is 7 of 17
Answer Stats
Species (Sub)species Common name IUCN Estimated
population
% Correct
Rhinoceros unicornis Indian rhinoceros VU 4,075
100%
Rhinoceros sondaicus Rhinoceros sondaicus sondaicus Indonesian Javan rhinoceros CR ~75
83%
Ceratotherium simum cottoni Northern white rhinoceros CR 2
83%
Ceratotherium simum Ceratotherium simum simum Southern white rhinoceros NT 18,064
83%
Diceros bicornis Diceros bicornis bicornis Southern black rhinoceros EX 0
67%
Diceros bicornis longipes Western black rhinoceros EX 0
67%
Diceros bicornis michaeli Eastern black rhinoceros CR ~740
50%
Diceros bicornis occidentalis South-western black rhinoceros NT 2,597
33%
Dicerorhinus sumatrensis harrissoni Bornean rhinoceros CR ~15
17%
Diceros bicornis chobiensis Chobe black rhinoceros CR 1
17%
Rhinoceros sondaicus inermis Lesser Indian rhinoceros EX 0
17%
Diceros bicornis brucii North-eastern black rhinoceros EX 0
17%
Dicerorhinus sumatrensis lasiotis Northern Sumatran rhinoceros EX 0
17%
Rhinoceros sondaicus annamiticus Vietnamese Javan rhinoceros EX 0
17%
Dicerorhinus sumatrensis Dicerorhinus sumatrensis sumatrensis Western Sumatran rhinoceros CR ~75
17%
Diceros bicornis minor South-central black rhinoceros CR 2,463
0%
Diceros bicornis ladoensis Uganda black rhinoceros EX 0
0%
No matching quizzes found
Score Distribution
Percent of People with Each Score
Percentile by Number Answered
Your Score History
You have not taken this quiz